Online
Catalog

Monarquia indiana, / (Record no. 1395)

MARC details
000 -CABECERA
campo de control de longitud fija 00935cam a22002291 4500
001 - NÚMERO DE CONTROL
campo de control 000001489
005 - FECHA Y HORA DE LA ÚLTIMA TRANSACCIÓN
campo de control 20200929145609.0
008 - DATOS DE LONGITUD FIJA--INFORMACIÓN GENERAL
campo de control de longitud fija 751231r19431723mx b 000 0 spa c
040 ## - FUENTE DE LA CATALOGACIÓN
Centro catalogador/agencia de origen DO-SdBNP
Lengua de catalogación spa
Centro/agencia transcriptor BNPHU
082 ## - NÚMERO DE LA CLASIFICACIÓN DECIMAL DEWEY
Número de clasificación 972.01
Número de documento/Ítem T687m
100 1# - ENTRADA PRINCIPAL--NOMBRE DE PERSONA
Nombre de persona Torquemada, Juan de,
Fechas asociadas al nombre 1562 - 1624
9 (RLIN) 4921
245 10 - MENCIÓN DE TÍTULO
Título Monarquia indiana, /
Mención de responsabilidad, etc. por fray Juan de Torquemada ...
250 ## - MENCIÓN DE EDICIÓN
Mención de edición 3. ed.
260 ## - PUBLICACIÓN, DISTRIBUCIÓN, ETC.
Lugar de publicación, distribución, etc. Mexico, D.F., :
Nombre del editor, distribuidor, etc. S. Chavez Hayhoe,
Fecha de publicación, distribución, etc. 1943.
300 ## - DESCRIPCIÓN FÍSICA
Extensión 3 v. :
Otras características físicas il. ;
Dimensiones 29 cm.
500 ## - NOTA GENERAL
Nota general Facsimile reproduction of the second edition, published in 1723, which has title: Primera [segunda, tercera] parte de los veinte i vn libros rituales i monarchia indiana.
500 ## - NOTA GENERAL
Nota general The second edition was edited by A. Gonzales de Barcia Carballido y Zuniga.
650 #0 - PUNTO DE ACCESO ADICIONAL DE MATERIA--TÉRMINO DE MATERIA
Término de materia o nombre geográfico como elemento de entrada Indians of mexico.
9 (RLIN) 4922
651 #0 - PUNTO DE ACCESO ADICIONAL DE MATERIA--NOMBRE GEOGRÁFICO
Nombre geográfico Mexico
Subdivisión general History
Subdivisión cronológica Conquest, 1519-1540.
9 (RLIN) 4923
651 #0 - PUNTO DE ACCESO ADICIONAL DE MATERIA--NOMBRE GEOGRÁFICO
Nombre geográfico Mexico
Subdivisión general Antiquities.
9 (RLIN) 4924
610 20 - PUNTO DE ACCESO ADICIONAL DE MATERIA--NOMBRE DE ENTIDAD CORPORATIVA
Nombre de entidad corporativa o nombre de jurisdicción como elemento de entrada Franciscans
Subdivisión geográfica Mexico.
9 (RLIN) 4925
Holdings
Estado de retiro Estado de pérdida Restricciones de uso No para préstamo Código de colección Localización permanente Ubicación/localización actual Ubicación en estantería Fecha de adquisición Número de inventario Total de préstamos Signatura topográfica completa Código de barras Fecha visto por última vez Precio válido a partir de Tipo de ítem Koha Nota pública
      Excluido de préstamo Monografías: Libros y Folletos General General Depósito 22.09.2009 LF1   v. 1 1489-10 25.06.2020 25.06.2020 No se presta Perteneció a la biblioteca personal de Julio Ortega Frier.
      Excluido de préstamo Monografías: Libros y Folletos General General Depósito 27.05.2011 LF1   v. 2 1489-20 25.06.2020 25.06.2020 No se presta Perteneció a la biblioteca personal de Julio Ortega Frier.
      Excluido de préstamo Monografías: Libros y Folletos General General Depósito 27.05.2011 LF1   v. 3 1489-30 25.06.2020 25.06.2020 No se presta Perteneció a la biblioteca personal de Julio Ortega Frier.

Powered by Koha